Arséne Lupin. La aguja hueca / (Registro nro. 60483)

Detalles MARC
000 -CABECERA
Longitud fija campo de control 01265nam a22003855a 4500
003 - • IDENTIFICADOR DELl NÚMERO DE CONTROL
Identificador del número de control CO-BoRNBP
005 - • FECHA Y HORA DE LA ÚLTIMA TRANSACCIÓN
Fecha y hora de la última transacción 20260216153936.0
007 - • CAMPO FIJO DE DESCRIPCIÓN FÍSICA
Campo fijo de descripción física t
008 - • CÓDIGOS DE INFORMACIÓN DE LONGITUD FIJA
Códigos de información de longitud fija 220127s2021 sp o gr 000 f spa d
020 ## - • NÚMERO INTERNACIONAL NORMALIZADO PARA LIBROS
Número Internacional Normalizado para Libros (ISBN) 9788469890189
040 ## - FUENTE DE LA CATALOGACIÓN
Centro catalogador de origen CO-BoBLA
Lengua de catalogación spa
Centro modificado CO-BoBLA
Normas de descripción rda
Centro transcriptor 0
041 ## - • CÓDIGO DE LENGUA
Código de lengua del texto/banda sonora o título independiente spa
Código de lengua original fre
043 ## - CÓDIGO DE ÁREA GEOGRÁFICA
Código de área geográfica e-fr---
082 04 - • NÚMERO DE LA CLASIFICACIÓN DECIMAL DEWEY
Número de clasificación (R) 843.8
Número del ítem L31a14
Número de edición 21 ed.
084 ## - • Clasificación Local Alfanúmerica PNLB
Número de clasificación N LEB
100 1# - • PUNTO DE ACCESO PRINCIPAL-NOMBRE DE PERSONA
Nombre de persona Leblanc, Maurice,
Fechas asociadas al nombre 1864-1941.
245 13 - • TITULO PROPIAMENTE DICHO
Título Arséne Lupin. La aguja hueca /
Mención de responsabilidad, etc. Maurice Leblanc ; fotografías de Emmanuel Guimier ; traducción Sara Bueno Carrero.
250 ## - • MENCIÓN DE EDICIÓN
Mención de edición 1a. edición
264 ## - PRODUCCIÓN, PUBLICACIÓN , DISTRIBUCIÓN, FABRICACIÓN Y COPYRIGHT
Lugar de producción, publicación, distribución, fabricación Madrid :
Nombre del productor, editor, distribuidor, fabricante Grupo Anaya,
Fecha de de producción, publicación, distribución, fabricación o copyright 2021.
300 ## - • DESCRIPCIÓN FÍSICA
Extensión 280 páginas :
Otras características físicas fotografías ;
Dimensiones 22 cm.
336 ## - TIPO DE CONTENIDO
Término de tipo de contenido text
Código de tipo de contenido txt
Fuente rdacontent
337 ## - TIPO DE MEDIO
Nombre del tipo de medio unmediated
Código del tipo de medio n
Fuente rdamedia
338 ## - TIPO DE SOPORTE
Nombre del tipo de soporte volume
Código del tipo de soporte nc
Fuente rdacarrier
534 ## - • Nota De Versión Original
Título Arséne Lupin. L´aiguille creuse.
650 #7 - • PUNTO DE ACCESO ADICIONAL DE MATERIA - TÉRMINO DE MATERIA
Término de materia o nombre geográfico como elemento inicial Detectives
Subdivisión de forma Novela.
Fuente del encabezamiento o término BLAAUTO
650 #7 - • PUNTO DE ACCESO ADICIONAL DE MATERIA - TÉRMINO DE MATERIA
Término de materia o nombre geográfico como elemento inicial Ladrones
Subdivisión de forma Novela.
Fuente del encabezamiento o término BLAAUTO
650 #7 - • PUNTO DE ACCESO ADICIONAL DE MATERIA - TÉRMINO DE MATERIA
Término de materia o nombre geográfico como elemento inicial Novela francesa.
Fuente del encabezamiento o término BLAAUTO
650 #7 - • PUNTO DE ACCESO ADICIONAL DE MATERIA - TÉRMINO DE MATERIA
Término de materia o nombre geográfico como elemento inicial Novela policíaca.
Fuente del encabezamiento o término BLAAUTO
700 1# - • PUNTO DE ACCESO ADICIONAL - NOMBRE DE PERSONA
Nombre de persona Bueno Carrero, Sara,
Término indicativo de función traducción.
700 1# - • PUNTO DE ACCESO ADICIONAL - NOMBRE DE PERSONA
Nombre de persona Guimier, Emmanuel,
Término indicativo de función fotografías.
942 ## - ENTRADA DE ELEMENTOS AGREGADOS (KOHA)
Fuente de clasificaión o esquema Dewey Decimal Classification
Koha [por defecto] tipo de item LIbro
949 ## - TRATAMIENTO DE LA INFORMACIÓN LOCAL (OCLC)
a n
b n
960 ## - LOCALIZACIÓN FÍSICA (RLIN)
Localización f&íacute;sica, PLOC (RLIN) Normalizados-2025
Existencias
Perdido Fuente de clasificación o esquema Estado Físico No para préstamo Forma de adquisición Localización permanente Localización actual Localización en estanterías Fecha adquisición Préstamos totales Signatura completa Código de barras Fecha última consulta Número de copia Fecha del precio de reemplazo Tipo de item de Koha
  Clasificación Local Facetada     Literatura General Biblioteca Pública San Juanito - Ernesto Maria Peña Romero Biblioteca Pública San Juanito - Ernesto Maria Peña Romero Literatura 02/16/2026   N LEB SJU02536 02/16/2026 Ej.1 02/16/2026 Libro Literatura









Instituto Departamental de Cultura del Meta - Red Departamental de Bibliotecas Públicas del Meta.